Long term consequences of early childhood malnutrition (Record no. 71521)

000 -LEADER
fixed length control field 00455pab a2200181 454500
008 - FIXED-LENGTH DATA ELEMENTS--GENERAL INFORMATION
fixed length control field 180718b2006 xxu||||| |||| 00| 0 eng d
100 ## - MAIN ENTRY--PERSONAL NAME
Personal name Alderman, Harold
245 ## - TITLE STATEMENT
Title Long term consequences of early childhood malnutrition
260 ## - PUBLICATION, DISTRIBUTION, ETC.
Date of publication, distribution, etc. 2006
300 ## - PHYSICAL DESCRIPTION
Extent p.450-74.
362 ## - DATES OF PUBLICATION AND/OR SEQUENTIAL DESIGNATION
Dates of publication and/or sequential designation Jul
650 ## - SUBJECT ADDED ENTRY--TOPICAL TERM
Topical term or geographic name entry element Childhood
650 ## - SUBJECT ADDED ENTRY--TOPICAL TERM
Topical term or geographic name entry element Malnutrition
700 ## - ADDED ENTRY--PERSONAL NAME
Personal name Kinsey, Bill
700 ## - ADDED ENTRY--PERSONAL NAME
Personal name Hoddinott, John
773 ## - HOST ITEM ENTRY
Main entry heading Oxford Economic Papers
909 ## -
-- 71521
Holdings
Withdrawn status Lost status Damaged status Not for loan Permanent Location Current Location Date acquired Serial Enumeration / chronology Barcode Date last seen Price effective from Koha item type
        Indian Institute of Public Administration Indian Institute of Public Administration 2018-07-19 Volume no: 58, Issue no: 3 AR71981 2018-07-19 2018-07-19 Articles

Powered by Koha